Osamělí hrdinové : jak kultura autonomie rozleptává společnost /
Pojednání o základních znacích a rysech nové kultury založené na vyvazování jednotlivce ze sociálních vazeb a společenských zvyklostí.
Uloženo v:
| Hlavní autor: | |
|---|---|
| Médium: | E-kniha |
| Jazyk: | Czech |
| Vydáno: |
Brno :
Host,
2026
|
| Vydání: | První vydání |
| Témata: | |
| Tagy: |
Žádné tagy |
| LEADER | 02779cam a2200505 i 4500 | ||
|---|---|---|---|
| 001 | 301513 | ||
| 003 | CZ PrSKC | ||
| 005 | 20260430063208.0 | ||
| 007 | ta | ||
| 008 | 260319s2026 xr e 000 0 cze d | ||
| 015 | |a cnb003736791 | ||
| 020 | |a 9788027526734 |q (brožováno) | ||
| 040 | |a HKA001 |b cze |d OLA001 |e rda | ||
| 072 | 7 | |a 316 |x Sociologie |2 Konspekt | |
| 080 | |a 17.035.1 |2 MRF | ||
| 080 | |a 316.662-021.464 |2 MRF | ||
| 080 | |a 316.42"15/19" |2 MRF | ||
| 080 | |a 316.3/.6 |2 MRF | ||
| 080 | |a (048.8) |2 MRF | ||
| 100 | 1 | |a Pospěch, Pavel, |d 1980- |7 pna2014833452 |4 aut | |
| 245 | 1 | 0 | |a Osamělí hrdinové : |b jak kultura autonomie rozleptává společnost / |c Pavel Pospěch |
| 250 | |a První vydání | ||
| 264 | 1 | |a Brno : |b Host, |c 2026 | |
| 300 | |a 190 stran ; |c 20 cm | ||
| 336 | |a text |b txt |2 rdacontent | ||
| 337 | |a bez média |b n |2 rdamedia | ||
| 338 | |a svazek |b nc |2 rdacarrier | ||
| 504 | |a Obsahuje bibliografické odkazy | ||
| 520 | 2 | |a Pojednání o základních znacích a rysech nové kultury založené na vyvazování jednotlivce ze sociálních vazeb a společenských zvyklostí. |b Text se věnuje fenoménu individualismu a hledá jeho společenské kořeny a dopady do našich každodenních životů. Vysvětlení, která nabízí, nejsou generační, psychologická ani technologická, nýbrž sociologická. Za nárůst posedlosti sebou samými nemohou ani zhýčkané mladé generace, ani všudypřítomné sociální platformy. Individualismus je produktem specifické kultury, v níž jsme vychováváni od dětství a vězíme v ní hlouběji, než bychom si mysleli. Kultura individualismu z nás dělá osamělé hrdiny vlastních životů a stále více nám znemožňuje žít smysluplný život s lidmi okolo nás. Nakladatelská anotace. Kráceno. | |
| 650 | 0 | 7 | |a individualismus |7 ph121070 |2 czenas |
| 650 | 0 | 7 | |a osobní autonomie |7 ph807150 |2 czenas |
| 650 | 0 | 7 | |a moderní společnost |7 ph122942 |2 czenas |
| 650 | 0 | 7 | |a člověk a společnost |7 ph116878 |2 czenas |
| 650 | 0 | 9 | |a individualism |2 eczenas |
| 650 | 0 | 9 | |a personal autonomy |2 eczenas |
| 650 | 0 | 9 | |a modern society |2 eczenas |
| 650 | 0 | 9 | |a man and society |2 eczenas |
| 655 | 7 | |a monografie |7 fd132842 |2 czenas | |
| 655 | 9 | |a monographs |2 eczenas | |
| 710 | 2 | |a Host (vydavatelství) |7 ko2003163544 |4 pbl | |
| 900 | |a BOA001 |b 18 | ||
| 044 | |a xr | ||
| 910 | |a RBIT002 | ||
| 998 | |d 426549 |a https://core.palmknihy.cz/api/books/426549/cover?te92tx |b https://core.palmknihy.cz/api/books/426549/cover/400?te92tx |c https://core.palmknihy.cz/api/books/426549/cover/50?te92tx |e 2033-12-31 |g 192 |i 9788027526734 |j https://core.palmknihy.cz/api/books/426549/preview.epub |k https://core.palmknihy.cz/api/books/426549/preview.pdf |l |q 49 |r 1 |s https://www.palmknihy.cz/kniha/426549 |t ebook |y 2026 |z 0 | ||
| 999 | |d 301511 | ||